01031nam0a22002651 4500001001100000005001700011021001900028035002600047100004100073101001300114102000700127105001800134200011400152210003700266215003500303320003300338606006200371606008000433606008800513700006200601702004300663801001800706801002200724852001900746rc\321081920250609191334.0 aRUb[76-79109] a(NLR Aleph) 007463456 a20130115d1976 |||y0rusy50 ca1 aruscest aRU aa z |||||1 aБернхард Шмидтe[Пер. с эст.]fП.В. МюрсеппgАН ЭССР, Ин-т физики aТаллинcВалгусd1976 a52 с., 8 л. ил.cил.d20 aСписок лит.: с. 51 aТелескопыxИстория открытия2psbo aАстрономическая наука в ЭССРxИстория2psbo aАстрономическая наука в ГерманииxИстория2psbo 1aМюрсеппbП.В.gПээтер Виллемович 1aШмидтbБ.gБернхард4570 0aRUbNLRgpsbo 1aRUbELAR2rusmarc aNLRj77-4/5614